000 00329nam a2200133Ia 4500
100 _aProductivity Development Team
942 _cBK
245 _acellular Manufacturing:One piece flow for work teams
260 _bProduction Pres Inc
_c1999
082 _a658
_bPDT
300 _a69
546 _aENGLISH
_cInfo.Tech
999 _c22024
_d22024